00353nam a2200133Ia 4500008004100000041001200041082002400053100003700077245004600114250001200160260002500172300000800197650001400205231221s9999 xx 000 0 und d aEnglish a155.2842 PER;2 R1 aPershad, DwarkaParekh, Suresh, C 2aA practical manual for the rorschach test a1st ed. c2001bBhargavaaAgra a190 arorschach